| 000 | 00562nam a2200193 a 4500 | ||
|---|---|---|---|
| 001 | 3026 | ||
| 003 | CDMR | ||
| 005 | 20131129124601.0 | ||
| 008 | 130130s1974||||||||||||||||||||||||||||d | ||
| 020 | _a8440071906 | ||
| 040 |
_aCDMR _bcat _cCDMR |
||
| 100 | 1 |
_aKientz, Albert _92222 |
|
| 245 | 1 | 0 |
_aPara analizar los mass-media _b: el analisis de contenido _cAlbert Kientz |
| 260 |
_aValencia _c1974 _bFernando Torres |
||
| 300 | _a187 p. | ||
| 650 | 0 | 4 |
_94097 _aAnàlisi de contingut (Comunicació) |
| 650 | 0 | 4 |
_9405 _aMitjans de comunicació de massa |
| 942 |
_cMON _2udc |
||
| 999 |
_c3026 _d3026 |
||